[Event "Goch op 21st"]
[Site "Goch"]
[Date "2010.10.02"]
[Round "4"]
[White "Kostowski, Ireneus"]
[Black "Gordeeva, Vitalia"]
[Result "0-1"]
[WhiteElo "1867"]
[BlackElo "1679"]
[PlyCount "66"]
[EventDate "2010.09.30"]
[EventType "swiss"]
[EventRounds "7"]
[EventCountry "GER"]
[SourceTitle "EXT 2012"]
[Source "ChessBase"]
[SourceDate "2011.11.24"]
[SourceVersion "1"]
[SourceVersionDate "2011.11.24"]
[SourceQuality "1"]

1. d4 d5 2. c4 e6 3. Nf3 Nf6 4. Bg5 Be7 5. Nc3 0-0 6. e3 b6 7. Bxf6 Bxf6 8. cxd5 exd5 9. Qc2 Ba6 10. Bxa6 Nxa6 11. Qa4 Nb8 12. 0-0 c5 13. Rfd1 a6 14. Rac1 c4 15. b3 Qd7 16. Qxd7 Nxd7 17. Nxd5 cxb3 18. axb3 Rfc8 19. Nd2 b5 20. Ne4 Bd8 21. Nd6 Rcb8 22. Rc6 a5 23. Nc7 Bxc7 24. Rxc7 Nf6 25. Rdc1 h6 26. Rxf7 a4 27. bxa4 bxa4 28. Rb7 Rxb7 29. Nxb7 Rb8 30. Nc5 a3 31. Na4 Nd5 32. e4 a2 33. Nc3 Nxc3 0-1

[Event "Goch op 20th"]
[Site "Goch"]
[Date "2009.10.03"]
[Round "5"]
[White "Kostowski, Ireneus"]
[Black "Esser, Jochen"]
[Result "1/2-1/2"]
[WhiteElo "1873"]
[BlackElo "2124"]
[PlyCount "57"]
[EventDate "2009.10.01"]
[EventType "swiss"]
[EventRounds "7"]
[EventCountry "GER"]
[SourceTitle "EXT 2011"]
[Source "ChessBase"]
[SourceDate "2010.11.26"]
[SourceVersion "1"]
[SourceVersionDate "2010.11.26"]
[SourceQuality "1"]

1. d4 Nf6 2. c4 g6 3. Nc3 Bg7 4. e4 0-0 5. f3 d6 6. Be3 e5 7. d5 c6 8. Qd2 cxd5 9. cxd5 Ne8 10. g4 f5 11. gxf5 gxf5 12. Bg5 Bf6 13. h4 Na6 14. Bd3 f4 15. 0-0-0 Nc5 16. Bc2 Qa5 17. Qg2 Kh8 18. Nge2 Rg8 19. Rdg1 b5 20. Qh2 Bd7 21. Nxf4 exf4 22. Bxf6+ Nxf6 23. Qxf4 Qd8 24. Rxg8+ Nxg8 25. Qxd6 Rc8 26. Qe5+ Qf6 27. Qxf6+ Nxf6 28. e5 b4 29. exf6 1/2-1/2

[Event "Goch op 20th"]
[Site "Goch"]
[Date "2009.10.01"]
[Round "1"]
[White "Kostowski, Ireneus"]
[Black "Villwock, Martin"]
[Result "0-1"]
[WhiteElo "1873"]
[BlackElo "2211"]
[PlyCount "58"]
[EventDate "2009.10.01"]
[EventType "swiss"]
[EventRounds "7"]
[EventCountry "GER"]
[SourceTitle "EXT 2011"]
[Source "ChessBase"]
[SourceDate "2010.11.26"]
[SourceVersion "1"]
[SourceVersionDate "2010.11.26"]
[SourceQuality "1"]

1. d4 Nf6 2. c4 c5 3. Nf3 cxd4 4. Nxd4 e5 5. Nf3 e4 6. Nd4 Bc5 7. e3 0-0 8. Nc3 Qe7 9. Nb3 Bb6 10. Qc2 Nc6 11. a3 d6 12. Nd2 Bf5 13. Nd5 Nxd5 14. cxd5 Ne5 15. Nxe4 Nd7 16. Bd3 Bxe4 17. Bxe4 Rac8 18. Qb1 Rxc1+ 19. Qxc1 Qxe4 20. 0-0 Nf6 21. Re1 Re8 22. Kf1 Qf5 23. Qd2 Ng4 24. e4 Nxh2+ 25. Kg1 Qe5 26. Qe2 Qg3 27. Rec1 Ng4 28. Qf3 Bxf2+ 29. Kf1 Nh2+ 0-1

[Event "Goch op 18th"]
[Site "Goch"]
[Date "2007.10.07"]
[Round "7"]
[White "Esser, Jochen"]
[Black "Kostowski, Ireneus"]
[Result "1/2-1/2"]
[WhiteElo "1971"]
[BlackElo "1876"]
[PlyCount "32"]
[EventDate "2007.10.04"]
[EventType "swiss"]
[EventRounds "7"]
[EventCountry "GER"]
[SourceTitle "EXT 2011"]
[Source "ChessBase"]
[SourceDate "2010.11.26"]
[SourceVersion "1"]
[SourceVersionDate "2010.11.26"]
[SourceQuality "1"]

1. e4 d5 2. exd5 Qxd5 3. Nc3 Qa5 4. d4 Bf5 5. Nf3 e6 6. Bc4 Nf6 7. 0-0 c6 8. Re1 Be7 9. Bd2 Nbd7 10. Nd5 Qd8 11. Nxe7 Qxe7 12. h3 h6 13. a3 0-0 14. b4 Rfd8 15. Bb3 Ne4 16. Bf4 Qf6 1/2-1/2

[Event "Goch op 14th"]
[Site "Goch"]
[Date "2003.??.??"]
[Round "7"]
[White "Voge, Andreas"]
[Black "Kostowski, Ireneus"]
[Result "1-0"]
[WhiteElo "2145"]
[BlackElo "1895"]
[PlyCount "65"]
[EventDate "2003.10.02"]
[EventType "swiss"]
[EventRounds "7"]
[EventCountry "GER"]
[SourceTitle "EXT 2006"]
[Source "ChessBase"]
[SourceDate "2005.11.24"]
[SourceVersion "1"]
[SourceVersionDate "2005.11.24"]
[SourceQuality "1"]

1. e4 d5 2. Nc3 dxe4 3. Nxe4 e5 4. Bc4 Bf5 5. Qf3 Qc8 6. Ng5 Nh6 7. Qb3 Bg6 8. h4 Be7 9. N1f3 Bxg5 10. hxg5 Ng4 11. Nh4 Bh5 12. g6 Bxg6 13. Nxg6 fxg6 14. Be6 Qd8 15. Bxg4 b6 16. d3 Rf8 17. Qe6+ Qe7 18. Qxe7+ Kxe7 19. Rxh7 Kf7 20. Bf3 c6 21. Bd2 Rc8 22. Bc3 Nd7 23. Bg4 Rc7 24. Bxd7 Rxd7 25. Bxe5 Rg8 26. Kd2 Rd5 27. Bc3 g5 28. Re1 Kg6 29. Rh3 Rd7 30. Rhe3 Rf7 31. Re6+ Kh5 32. f3 c5 33. Rh1# 1-0

[Event "Goch op 14th"]
[Site "Goch"]
[Date "2003.??.??"]
[Round "3"]
[White "Weber, Rolf"]
[Black "Kostowski, Ireneus"]
[Result "1-0"]
[WhiteElo "2135"]
[BlackElo "1895"]
[PlyCount "55"]
[EventDate "2003.10.02"]
[EventType "swiss"]
[EventRounds "7"]
[EventCountry "GER"]
[SourceTitle "EXT 2006"]
[Source "ChessBase"]
[SourceDate "2005.11.24"]
[SourceVersion "1"]
[SourceVersionDate "2005.11.24"]
[SourceQuality "1"]

1. e4 d5 2. exd5 Qxd5 3. Nf3 Nf6 4. d4 Bf5 5. Be2 e6 6. 0-0 Be7 7. c4 Qd8 8. Nc3 Nc6 9. Be3 Ng4 10. d5 Nxe3 11. fxe3 exd5 12. cxd5 Nb4 13. Ne5 g6 14. Nxf7 Kxf7 15. e4 Bc5+ 16. Kh1 Qh4 17. g3 Qh6 18. exf5 Bd6 19. Ne4 Rad8 20. Qd4 g5 21. Bh5+ Kg8 22. f6 Kf8 23. f7 Qg7 24. Nxg5 Qxd4 25. Ne6+ Ke7 26. Nxd4 Nxd5 27. Rae1+ Kd7 28. Bg4# 1-0

[Event "Goch op 13th"]
[Site "Goch"]
[Date "2002.10.05"]
[Round "4"]
[White "Dick, Matthias"]
[Black "Kostowski, Ireneus"]
[Result "1-0"]
[WhiteElo "2132"]
[BlackElo "1769"]
[PlyCount "85"]
[EventDate "2002.10.03"]
[EventType "swiss"]
[EventRounds "7"]
[EventCountry "GER"]
[SourceTitle "EXT 2004"]
[Source "ChessBase"]
[SourceDate "2003.11.25"]
[SourceVersion "1"]
[SourceVersionDate "2003.11.25"]
[SourceQuality "1"]

1. d4 d5 2. Nf3 Nf6 3. c4 e6 4. g3 c6 5. Qc2 Nbd7 6. Bg2 Be7 7. 0-0 0-0 8. b3 b6 9. Rd1 Bb7 10. Nc3 Rc8 11. e4 dxe4 12. Nxe4 c5 13. Nxf6+ Bxf6 14. Ng5 Bxg5 15. Bxb7 Rc7 16. dxc5 Bf6 17. Rb1 Rxb7 18. c6 Rc7 19. cxd7 Rxd7 20. Ba3 Re8 21. Rxd7 Qxd7 22. Rd1 Qc8 23. Rd2 Rd8 24. Qc1 Rxd2 25. Qxd2 Qd8 26. Qxd8+ Bxd8 27. Bd6 f6 28. b4 Kf7 29. b5 Ke8 30. Bb8 Kd7 31. Bxa7 Kc8 32. c5 bxc5 33. Bxc5 Ba5 34. Kf1 Kd7 35. Ke2 e5 36. Kd3 Ke6 37. Kc4 Bc7 38. b6 Bb8 39. a4 Kd7 40. a5 f5 41. a6 Kc6 42. a7 Bxa7 43. bxa7 1-0